Fact book on manpower Kerala (Record no. 696296)

MARC details
000 -LEADER
fixed length control field 00795nam a2200253Ia 4500
003 - CONTROL NUMBER IDENTIFIER
control field OSt
005 - DATE AND TIME OF LATEST TRANSACTION
control field 20220927110407.0
008 - FIXED-LENGTH DATA ELEMENTS--GENERAL INFORMATION
fixed length control field 220926b |||||||| |||| 00| 0 eng d
037 ## - SOURCE OF ACQUISITION
Terms of availability Reports
040 ## - CATALOGING SOURCE
Original cataloging agency RTL
Transcribing agency RTL
Language of cataloging eng
041 ## - LANGUAGE CODE
Source of code eng
Language code of text/sound track or separate title eng
110 ## - MAIN ENTRY--CORPORATE NAME
Corporate name or jurisdiction name as entry element "Kerala, Government of ..... Economics and Statistics (Department of ....)"
9 (RLIN) 377530
245 #0 - TITLE STATEMENT
Title Fact book on manpower Kerala
260 ## - PUBLICATION, DISTRIBUTION, ETC.
Place of publication, distribution, etc. Trivandrum
Name of publisher, distributor, etc. Government Press India
Date of publication, distribution, etc. 1984
300 ## - PHYSICAL DESCRIPTION
Extent 85p.
Dimensions cm.
650 ## - SUBJECT ADDED ENTRY--TOPICAL TERM
Topical term or geographic name entry element Labour Economics-India
700 ## - ADDED ENTRY--PERSONAL NAME
Personal name "Kerala, Government of ..... Economics and Statistics (Department of ....)"
9 (RLIN) 377531
942 ## - ADDED ENTRY ELEMENTS (KOHA)
Classification part "X:9.212s, M4/GD"
Koha item type
Holdings
Withdrawn status Lost status Damaged status Not for loan Home library Current library Date acquired Total Checkouts Full call number Barcode Date last seen Price effective from Koha item type
        Ratan Tata Library Ratan Tata Library 2022-09-27   "X:9.212s M4/GD" RT1016816 2022-09-27 2022-09-27  
Copyright @ Delhi University Library System